000
00298nam a2200109Ia 4500
008
190216s9999||||xx |||||||||||||| ||und||
100
_a
Mote V L&Amp; Samuel Paul
245
0
_a
Managerial Economics Concepts And Cases
260
_b
Pearson Education International
_c
1988
300
_a
354p
942
_c
BK
999
_c
5425
_d
5425